| 000 -CABECERA |
| fixed length control field |
01608nam a22002537a 4500 |
| 003 - IDENTIFICADOR DEL NÚMERO DE CONTROL |
| control field |
AR-CdUCM |
| 008 - DATOS DE LONGITUD FIJA--INFORMACIÓN GENERAL |
| fixed length control field |
190425b ||||| |||| 00| 0 spa d |
| 040 ## - FUENTE DE LA CATALOGACIÓN |
| Agencia/entidad que catalogó originalmente la obra |
MUNICIPALIDAD PROVINCIAL DEL CUSCO |
| Entidad que transcribió la catalogación |
BIBLIOTECA MUNICIPAL DEL CUSCO |
| 082 ## - NÚMERO DE LA CLASIFICACIÓN DECIMAL DEWEY |
| No. de Clasificación |
Sieteculebras/N°14/2000 |
| 245 ## - MENCIÓN DE TÍTULO |
| Título |
Siete culebras : |
| Resto del título |
Revista de cultura andina / |
| Mención de responsabilidad |
Mario Guevara Paredes, Director |
| 260 ## - PUBLICACIÓN, DISTRIBUCIÓN, ETC. |
| Lugar de publicación, distribución, etc. |
Cusco : |
| Nombre de la editorial, distribuidor, etc. |
Sieteculebras, |
| Fecha de publicación, distribución, etc. |
2000. |
| 300 ## - DESCRIPCIÓN FÍSICA |
| Nº de Páginas Extensión |
46 páginas. : |
| Otros detalles físicos |
ilustraciones ; |
| Dimensiones |
30 cm. |
| 440 ## - MENCIÓN DE SERIE/PUNTO DE ACCESO ADICIONAL--TÍTULO |
| Título |
Revista Siete Culebras. |
| Número de la parte/sección de una obra |
abril, mayo 2000, N°14 |
| 9 (RLIN) |
47455 |
| 505 ## - NOTA DE CONTENIDO CON FORMATO |
| Nota de contenido formateada |
Contenido: Mitos andinos y experiencias estética. Helena Usandizaga. -- Poesía. Jorge Campero. -- Huya Mesenonga 1830. Luis Miguel Glave. -- Poesía. Rosina Valcárcel. -- La poesía del valle Caviedes, síntesis del estilo barroco. Clary Loisel. -- Poesía. Pablo Guevara. -- Fidel Castro y el nombre del país de los Dominicos. Juan Daniel Balcácer. -- Música popular en la narrativa postmoderna venezolana. Carlos Baptista. -- El brichero un personaje de la narrativa andina. Ana Bertha Vizcarra. -- La presencia del mundo andino en la obra y el pensamiento martianos. María Regla Villa. -- El debate entre andinos y criollos en la narrativa peruana. Luis Nieto Degregori. -- Cuentos breves. Mario Guevara Paredes. ... |
| 650 ## - PUNTO DE ACCESO ADICIONAL DE MATERIA--TÉRMINO DE MATERIA |
| Descriptor |
Literatura cusqueña |
| 9 (RLIN) |
47453 |
| 650 ## - PUNTO DE ACCESO ADICIONAL DE MATERIA--TÉRMINO DE MATERIA |
| Descriptor |
Narradores cusqueños |
| 9 (RLIN) |
31142 |
| 650 ## - PUNTO DE ACCESO ADICIONAL DE MATERIA--TÉRMINO DE MATERIA |
| Descriptor |
Literatos cusqueños |
| 9 (RLIN) |
44145 |
| 650 ## - PUNTO DE ACCESO ADICIONAL DE MATERIA--TÉRMINO DE MATERIA |
| Descriptor |
Poesía |
| 9 (RLIN) |
47456 |
| 700 ## - PUNTO DE ACCESO ADICIONAL--NOMBRE DE PERSONA |
| Nombre Personal |
Guevara Paredes, Mario |
| 9 (RLIN) |
6574 |
| 700 ## - PUNTO DE ACCESO ADICIONAL--NOMBRE DE PERSONA |
| Nombre Personal |
Vizcarra, Ana Bertha |
| 9 (RLIN) |
47457 |
| 700 ## - PUNTO DE ACCESO ADICIONAL--NOMBRE DE PERSONA |
| Nombre Personal |
Nieto Degregori, Luis |
| 9 (RLIN) |
6534 |
| 942 ## - ELEMENTOS DE PUNTO DE ACCESO ADICIONAL (KOHA) |
| Fuente de clasificación |
|
| Tipo de item |
Revistas cusqueñas |
| 945 ## - PROCESAMIENTO DE INFORMACIÓN LOCAL (OCLC) |
| Catalogador |
rac |